| 000 | 00500nam a22001217a 4500 | ||
|---|---|---|---|
| 082 | _a220 PRO | ||
| 100 |
_aWaleed Ahmed Manahil Binte Irfan Mobashir Nazir Syed Kumayl Raza Moosavi _970759 |
||
| 245 | _aPR-SOF-1509-Design and Fabrication of a Brain Controlled Anthropomorphic Prosthetic Hand using Beagle Bone Android | ||
| 260 |
_aISLAMABAD _bNUST COLLEGE OF EME _c2016 |
||
| 650 |
_a DE-MTS-34 _970760 |
||
| 700 |
_aSUPERVISOR Dr Mohsin Islam Tiwana Assist. Professor Nida Aziz _970761 |
||
| 942 | _cCR | ||
| 999 |
_c577646 _d577646 |
||